[Event "Tbilisi Gaprindashvili Cup"]
[Site "Tbilisi"]
[Date "2021.09.15"]
[Round "5"]
[White "Kacharava, Nikoloz"]
[Black "Bagaturov, Giorgi"]
[Result "1-0"]
[WhiteElo "2453"]
[BlackElo "2365"]
[PlyCount "73"]
[EventDate "2021.09.13"]
[EventType "swiss"]
[EventRounds "8"]
[EventCountry "GEO"]
[SourceTitle "CBM 204 Extra"]
[Source "ChessBase"]
[SourceDate "2021.11.30"]
[SourceVersion "1"]
[SourceVersionDate "2021.11.30"]
[SourceQuality "1"]

1. e4 c5 2. Nf3 d6 3. d4 cxd4 4. Nxd4 Nf6 5. Nc3 Nc6 6. Bg5 e6 7. Qd3 Be7 8. 0-0-0 Nxd4 9. Qxd4 0-0 10. h4 Qa5 11. Kb1 Bd7 12. Qd2 Rfd8 13. f3 Qc7 14. h5 h6 15. Be3 Bc6 16. Nb5 Bxb5 17. Bxb5 e5 18. c4 Nh7 19. g3 Ng5 20. Qe2 Ne6 21. f4 Bf6 22. Ba4 Nc5 23. Bc2 Ne6 24. Rd5 Rac8 25. Rhd1 b6 26. b3 a5 27. Qd2 a4 28. Rxd6 axb3 29. Bxb3 Nc5 30. fxe5 Nxe4 31. Qd3 Nxd6 32. exd6 Qa7 33. Bc2 g6 34. hxg6 fxg6 35. d7 Qxa2+ 36. Kxa2 Ra8+ 37. Kb3 1-0

[Event "Tbilisi Gaprindashvili Cup"]
[Site "Tbilisi"]
[Date "2021.09.14"]
[Round "4"]
[White "Bagaturov, Giorgi"]
[Black "Fier, Alexandr"]
[Result "0-1"]
[WhiteElo "2365"]
[BlackElo "2524"]
[PlyCount "86"]
[EventDate "2021.09.13"]
[EventType "swiss"]
[EventRounds "8"]
[EventCountry "GEO"]
[SourceTitle "CBM 204 Extra"]
[Source "ChessBase"]
[SourceDate "2021.11.30"]
[SourceVersion "1"]
[SourceVersionDate "2021.11.30"]
[SourceQuality "1"]

1. Nf3 d5 2. c4 c6 3. e3 Nf6 4. Nc3 e6 5. b3 Bd6 6. Qc2 0-0 7. Be2 b6 8. 0-0 Bb7 9. d4 Nbd7 10. Rd1 Qe7 11. e4 Nxe4 12. Nxe4 dxe4 13. Qxe4 f5 14. Qd3 Nf6 15. Bb2 c5 16. d5 exd5 17. cxd5 Rae8 18. Bf1 Ne4 19. g3 Qf7 20. Bg2 Re7 21. Nd2 Nxd2 22. Qxd2 f4 23. Re1 f3 24. Bh3 Bxd5 25. Rxe7 Bxe7 26. Re1 Rd8 27. Qe3 Kf8 28. Bg4 Bf6 29. Bh5 g6 30. Qh6+ Kg8 31. Bxf6 Qxf6 32. Bg4 Bf7 33. h4 Rd4 34. Bh3 b5 35. Qc1 c4 36. bxc4 bxc4 37. Qa3 a6 38. Bf1 Rd2 39. Rc1 Kg7 40. Bxc4 Qd4 41. Qe3 Bxc4 42. Rxc4 Rd1+ 43. Kh2 Qxe3 0-1

[Event "Tbilisi Gaprindashvili Cup"]
[Site "Tbilisi"]
[Date "2021.09.13"]
[Round "1"]
[White "Jojua, Davit"]
[Black "Bagaturov, Giorgi"]
[Result "1/2-1/2"]
[WhiteElo "2505"]
[BlackElo "2365"]
[PlyCount "96"]
[EventDate "2021.09.13"]
[EventType "swiss"]
[EventRounds "8"]
[EventCountry "GEO"]
[SourceTitle "CBM 204 Extra"]
[Source "ChessBase"]
[SourceDate "2021.11.30"]
[SourceVersion "1"]
[SourceVersionDate "2021.11.30"]
[SourceQuality "1"]

1. d4 Nf6 2. c4 e6 3. Nf3 b6 4. g3 Ba6 5. Nbd2 Bb7 6. Bg2 Be7 7. 0-0 0-0 8. b3 c5 9. Bb2 cxd4 10. Nxd4 Bxg2 11. Kxg2 Qc7 12. e4 Nc6 13. Nxc6 Qxc6 14. Qf3 d6 15. e5 Qxf3+ 16. Nxf3 dxe5 17. Nxe5 Rac8 18. Rfd1 Rc7 19. Rd3 Ne4 20. Rad1 f6 21. Ng4 Nc5 22. R3d2 Rfc8 23. f4 a6 24. Kf3 h5 25. Ne3 g6 26. Bd4 Kf7 27. Nc2 Rd8 28. Be3 Rcd7 29. Rxd7 Rxd7 30. Rxd7 Nxd7 31. Ne1 b5 32. cxb5 axb5 33. a4 bxa4 34. bxa4 Nb8 35. Nd3 Na6 36. Ke4 Ke8 37. Kd4 Kd7 38. Kc4 Kc6 39. Bd4 Nc7 40. Nb4+ Bxb4 41. Kxb4 Nd5+ 42. Kc4 h4 43. a5 hxg3 44. hxg3 e5 45. fxe5 fxe5 46. Bxe5 Ne3+ 47. Kd3 Nf5 48. g4 Nh6 1/2-1/2

[Event "GEO-ch 1st League 80th"]
[Site "Tbilisi"]
[Date "2021.03.31"]
[Round "3"]
[White "Morchiashvili, Bachana"]
[Black "Bagaturov, Giorgi"]
[Result "1-0"]
[WhiteElo "2313"]
[BlackElo "2431"]
[PlyCount "91"]
[EventDate "2021.03.29"]
[EventType "swiss"]
[EventRounds "9"]
[EventCountry "GEO"]
[SourceTitle "CBM 202 Extra"]
[Source "ChessBase"]
[SourceDate "2021.07.31"]
[SourceVersion "1"]
[SourceVersionDate "2021.07.31"]
[SourceQuality "1"]

1. d4 e6 2. Nf3 Nf6 3. c4 b6 4. g3 Ba6 5. Qc2 Bb4+ 6. Bd2 Be7 7. Bg2 0-0 8. 0-0 d5 9. Ne5 c6 10. Rd1 Nfd7 11. cxd5 cxd5 12. Be1 Nxe5 13. dxe5 Nd7 14. e4 Rc8 15. Nc3 d4 16. Rxd4 Qc7 17. Rad1 Nxe5 18. Qa4 Qb7 19. Rd7 Nxd7 20. Rxd7 Rc7 21. Rxc7 Qxc7 22. Qxa6 Rd8 23. Bf3 h6 24. Kg2 Rd7 25. h4 Bf6 26. Qa4 Be5 27. h5 Qc8 28. Qb5 Qc7 29. Be2 Bd4 30. Qc4 Qd8 31. Qa4 Bf6 32. Bb5 Rd4 33. Qc2 Qc8 34. Be2 Qc5 35. f4 Rd8 36. e5 Be7 37. Qe4 Qc8 38. Bd3 Bc5 39. Qh7+ Kf8 40. Be4 Qd7 41. b4 Be3 42. Qh8+ Ke7 43. Qxg7 Bd2 44. f5 Rc8 45. Qf6+ Ke8 46. Qh8+ 1-0

[Event "GEO-ch 1st League 80th"]
[Site "Tbilisi"]
[Date "2021.03.29"]
[Round "1"]
[White "Kiladze, Luka"]
[Black "Bagaturov, Giorgi"]
[Result "0-1"]
[WhiteElo "1786"]
[BlackElo "2431"]
[PlyCount "90"]
[EventDate "2021.03.29"]
[EventType "swiss"]
[EventRounds "9"]
[EventCountry "GEO"]
[SourceTitle "CBM 202 Extra"]
[Source "ChessBase"]
[SourceDate "2021.07.31"]
[SourceVersion "1"]
[SourceVersionDate "2021.07.31"]
[SourceQuality "1"]

1. d4 Nf6 2. c4 e6 3. Nf3 b6 4. a3 Ba6 5. Qc2 c5 6. g3 cxd4 7. Nxd4 Bb7 8. Nf3 Nc6 9. Nbd2 Rc8 10. Bg2 b5 11. 0-0 bxc4 12. Qxc4 Be7 13. Qa4 d5 14. Ne5 Qc7 15. Ndf3 0-0 16. Bf4 Qa5 17. Qxa5 Nxa5 18. Nd4 Nc4 19. Nxc4 Rxc4 20. Nb5 a6 21. Nd6 Rxf4 22. Nxb7 Rc4 23. b4 Rc2 24. Rfe1 Rfc8 25. Bf1 Ne4 26. Na5 Bf6 27. Rab1 Nd2 28. Rbd1 Nxf1 29. Rxf1 Rxe2 30. Nb3 Ra2 31. Rc1 Rxc1 32. Rxc1 h5 33. Rc8+ Kh7 34. Ra8 Rxa3 35. Nc5 Bc3 36. Rb8 Bd4 37. Ra8 Bxc5 38. bxc5 Rc3 39. Rxa6 Rxc5 40. Kf1 Rc2 41. h4 Kg6 42. Ke1 Kf5 43. Ra7 Kf6 44. Rb7 g6 45. Ra7 e5 0-1

[Event "Titled Tuesday intern op 02nd Feb"]
[Site "Chess.com INT"]
[Date "2021.02.02"]
[Round "3"]
[White "Bagaturov, Giorgi"]
[Black "Mueller, Markus"]
[Result "1-0"]
[WhiteElo "2431"]
[BlackElo "2124"]
[PlyCount "71"]
[EventDate "2021.02.02"]
[EventType "swiss (blitz)"]
[EventRounds "11"]
[EventCountry "USA"]
[SourceTitle "CBM 200 Extra"]
[Source "ChessBase"]
[SourceDate "2021.03.31"]
[SourceVersion "1"]
[SourceVersionDate "2021.03.31"]
[SourceQuality "1"]

1. d4 Nf6 2. Nf3 g6 3. c4 Bg7 4. g3 0-0 5. Bg2 d6 6. 0-0 Nc6 7. d5 Na5 8. Nfd2 c5 9. Nc3 a6 10. Qc2 b5 11. cxb5 axb5 12. Nxb5 Qb6 13. Nc3 Bf5 14. e4 Bc8 15. b3 Ba6 16. Rd1 Ng4 17. Na4 Qb5 18. Bb2 Qe2 19. Rf1 Qd3 20. Qxd3 Bxd3 21. Rfe1 c4 22. Bxg7 Kxg7 23. Nb6 Rab8 24. Nbxc4 Nxc4 25. Nxc4 Bxc4 26. bxc4 Rb2 27. Reb1 Rfb8 28. Rxb2 Rxb2 29. a4 Nxf2 30. a5 Nd3 31. a6 Rb8 32. a7 Ra8 33. Ra5 Kf6 34. Bh3 e6 35. dxe6 fxe6 36. e5+ 1-0

[Event "Titled Tuesday intern op 02nd Feb"]
[Site "Chess.com INT"]
[Date "2021.02.02"]
[Round "4"]
[White "Bagaturov, Giorgi"]
[Black "Sonis, Francesco"]
[Result "1-0"]
[WhiteElo "2431"]
[BlackElo "2483"]
[PlyCount "69"]
[EventDate "2021.02.02"]
[EventType "swiss (blitz)"]
[EventRounds "11"]
[EventCountry "USA"]
[SourceTitle "CBM 200 Extra"]
[Source "ChessBase"]
[SourceDate "2021.03.31"]
[SourceVersion "1"]
[SourceVersionDate "2021.03.31"]
[SourceQuality "1"]

1. d4 Nf6 2. Nf3 d6 3. g3 g6 4. Bg2 Bf5 5. 0-0 Bg7 6. c4 0-0 7. Nc3 Ne4 8. Nd5 c6 9. Ne3 Bc8 10. b3 c5 11. Bb2 Nc6 12. Qd3 cxd4 13. Nxd4 Nc5 14. Qd2 Bd7 15. Nb5 Ne5 16. Nc3 Bc6 17. Ned5 e6 18. Nf4 Bxg2 19. Nxg2 a6 20. Rfd1 Nc6 21. Qxd6 Qxd6 22. Rxd6 Ne4 23. Nxe4 Bxb2 24. Rad1 Rad8 25. Rxd8 Rxd8 26. Rxd8+ Nxd8 27. Nf4 Kf8 28. e3 Ba3 29. Kf1 Ke7 30. Ke2 h6 31. h4 f5 32. Nc3 g5 33. hxg5 hxg5 34. Nd3 g4 35. Nf4 1-0

[Event "North American op 30th"]
[Site "ICC INT"]
[Date "2020.12.28"]
[Round "6"]
[White "Karthik, Advaith"]
[Black "Bagaturov, Giorgi"]
[Result "0-1"]
[WhiteElo "1777"]
[BlackElo "2431"]
[PlyCount "60"]
[EventDate "2020.12.26"]
[EventType "swiss"]
[EventRounds "8"]
[EventCountry "USA"]
[SourceTitle "CBM 200 Extra"]
[Source "ChessBase"]
[SourceDate "2021.03.31"]
[SourceVersion "1"]
[SourceVersionDate "2021.03.31"]
[SourceQuality "1"]

1. d4 Nf6 2. c4 g6 3. Nc3 Bg7 4. e4 d6 5. Nf3 0-0 6. Be2 Na6 7. Be3 e5 8. d5 Ng4 9. Bg5 f6 10. Bh4 Nh6 11. Nd2 Qe8 12. a3 c5 13. g4 Nf7 14. Qc2 Bd7 15. Nf1 Qe7 16. Ne3 Bh6 17. 0-0 Bf4 18. Rfb1 Ng5 19. b4 b6 20. Ra2 Qg7 21. Bg3 Nh3+ 22. Kh1 Qh6 23. Bf1 Nxf2+ 24. Qxf2 Bxe3 25. Qf3 Nc7 26. a4 cxb4 27. Rxb4 Na6 28. Rb1 Nc5 29. a5 bxa5 30. Rxa5 f5 0-1

[Event "Gaprindashvili Cup op 2nd"]
[Site "Tornelo INT"]
[Date "2020.11.10"]
[Round "9"]
[White "Bagaturov, Giorgi"]
[Black "Volkov, Nika"]
[Result "1/2-1/2"]
[WhiteElo "2431"]
[BlackElo "2084"]
[PlyCount "40"]
[EventDate "2020.11.08"]
[EventType "swiss (rapid)"]
[EventRounds "9"]
[EventCountry "GEO"]
[SourceTitle "CBM 199 Extra"]
[Source "ChessBase"]
[SourceDate "2021.01.31"]
[SourceVersion "1"]
[SourceVersionDate "2021.01.31"]
[SourceQuality "1"]

1. d4 e6 2. Nf3 d5 3. c4 Nf6 4. Nc3 Be7 5. Bg5 0-0 6. e3 c5 7. cxd5 exd5 8. dxc5 Bxc5 9. Be2 Be6 10. 0-0 Nc6 11. Rc1 Be7 12. Nd4 Rc8 13. a3 Na5 14. Bd3 Nc4 15. Qe2 Qa5 16. Nxe6 fxe6 17. e4 Ne5 18. exd5 Nxd3 19. Qxd3 Nxd5 20. Bxe7 Nxe7 1/2-1/2

[Event "Gaprindashvili Cup op 2nd"]
[Site "Tornelo INT"]
[Date "2020.11.09"]
[Round "5"]
[White "Bagaturov, Giorgi"]
[Black "Akhvlediani, Irakli"]
[Result "1-0"]
[WhiteElo "2431"]
[BlackElo "2355"]
[PlyCount "119"]
[EventDate "2020.11.08"]
[EventType "swiss (rapid)"]
[EventRounds "9"]
[EventCountry "GEO"]
[SourceTitle "CBM 199 Extra"]
[Source "ChessBase"]
[SourceDate "2021.01.31"]
[SourceVersion "1"]
[SourceVersionDate "2021.01.31"]
[SourceQuality "1"]

1. d4 Nf6 2. Nf3 g6 3. c4 Bg7 4. g3 0-0 5. Bg2 d6 6. 0-0 Nc6 7. d5 Na5 8. Nfd2 c5 9. Nc3 a6 10. Qc2 b5 11. cxb5 axb5 12. Nxb5 Ba6 13. Nc3 Qb6 14. Rd1 Nd7 15. Rb1 c4 16. Nf3 Nc5 17. Be3 Qc7 18. Bd4 Bh6 19. Ne4 Nab7 20. Nxc5 Nxc5 21. Nd2 Bb5 22. b3 cxb3 23. Nxb3 Na6 24. Qe4 Rfb8 25. Bb2 Be8 26. Qd4 f6 27. Qh4 Bg5 28. Qe4 Rb4 29. Rd4 Rab8 30. Rbd1 f5 31. Qb1 Nc5 32. Rxb4 Rxb4 33. Ba3 Rb5 34. Bxc5 dxc5 35. Qc2 Qd6 36. e4 fxe4 37. Bxe4 Bd7 38. Bd3 Rb8 39. Qxc5 Ra8 40. h4 Bf6 41. Qxd6 exd6 42. Rd2 Bc3 43. Rc2 Be5 44. Nd2 Ra3 45. Be4 Bd4 46. Nb3 Bb6 47. Bd3 Kg7 48. Re2 Kf6 49. Bc4 Bg4 50. Rb2 h6 51. Kg2 g5 52. hxg5+ hxg5 53. Nd2 Bf5 54. Rxb6 g4 55. Bb3 Ra8 56. Rxd6+ Ke5 57. Re6+ Bxe6 58. dxe6 Kd4 59. Nc4 Ra7 60. Ne3 1-0

[Event "Gaprindashvili Cup op 2nd"]
[Site "Tornelo INT"]
[Date "2020.11.09"]
[Round "4"]
[White "Lomsadze, David"]
[Black "Bagaturov, Giorgi"]
[Result "0-1"]
[WhiteElo "2303"]
[BlackElo "2431"]
[PlyCount "82"]
[EventDate "2020.11.08"]
[EventType "swiss (rapid)"]
[EventRounds "9"]
[EventCountry "GEO"]
[SourceTitle "CBM 199 Extra"]
[Source "ChessBase"]
[SourceDate "2021.01.31"]
[SourceVersion "1"]
[SourceVersionDate "2021.01.31"]
[SourceQuality "1"]

1. Nf3 Nf6 2. g3 g6 3. Bg2 Bg7 4. 0-0 0-0 5. d3 c5 6. Nc3 d5 7. a3 Nc6 8. Rb1 Qc7 9. Bd2 Rd8 10. b4 cxb4 11. axb4 d4 12. Na4 e5 13. b5 Ne7 14. c4 Bf5 15. Qb3 Nd7 16. Bb4 Nb6 17. Ba5 e4 18. Ng5 exd3 19. c5 dxe2 20. Rfe1 Nec8 21. Rxe2 Bxb1 22. Bd5 Rxd5 23. Re8+ Bf8 24. cxb6 Qc1+ 25. Kg2 Qxg5 26. Qb4 Nd6 27. Rxa8 axb6 28. Nxb6 Be4+ 29. f3 Bxf3+ 30. Kxf3 Qe3+ 31. Kg2 Qe2+ 32. Kg1 Qe3+ 33. Kg2 Rf5 34. Qe1 Qf3+ 35. Kg1 Kg7 36. Nd7 Be7 37. Bb6 Nxb5 38. Ra1 Bg5 39. h4 Be3+ 40. Kh2 Qc6 41. Rd1 Rf2+ 0-1

[Event "Gaprindashvili Cup op 2nd"]
[Site "Tornelo INT"]
[Date "2020.11.09"]
[Round "6"]
[White "Quparadze, Giga"]
[Black "Bagaturov, Giorgi"]
[Result "1-0"]
[WhiteElo "2463"]
[BlackElo "2431"]
[PlyCount "121"]
[EventDate "2020.11.08"]
[EventType "swiss (rapid)"]
[EventRounds "9"]
[EventCountry "GEO"]
[SourceTitle "CBM 199 Extra"]
[Source "ChessBase"]
[SourceDate "2021.01.31"]
[SourceVersion "1"]
[SourceVersionDate "2021.01.31"]
[SourceQuality "1"]

1. e4 c5 2. Nf3 Nc6 3. Bb5 g6 4. c3 Nf6 5. Qe2 Bg7 6. 0-0 0-0 7. Rd1 Qc7 8. h3 d5 9. e5 Nd7 10. d4 a6 11. Ba4 Nb6 12. Bb3 cxd4 13. cxd4 Bf5 14. Nc3 Rfd8 15. g4 Be6 16. Ng5 Qc8 17. Nxe6 Qxe6 18. Ne4 Nxd4 19. Rxd4 Qxe5 20. Be3 dxe4 21. Rxd8+ Rxd8 22. Bxb6 Rd3 23. Re1 Rxh3 24. Qxe4 Qh2+ 25. Kf1 Qd6 26. Be3 Bxb2 27. Rd1 Qc7 28. Bf4 e5 29. Kg2 Rxb3 30. Bxe5 Bxe5 31. axb3 a5 32. Rd5 Bc3 33. Qc4 Qc6 34. Qxc6 bxc6 35. Rc5 Bb4 36. Rxc6 Kg7 37. f4 h6 38. Kf3 Bd2 39. Ke4 Be1 40. f5 gxf5+ 41. Kxf5 Bb4 42. Ke4 Bd2 43. Kd3 Bb4 44. Kc4 f6 45. Rb6 Kg6 46. Rb5 Bd2 47. Rf5 Bb4 48. Kd5 Bd2 49. Ke6 Bc3 50. Rc5 Bb4 51. Rc8 h5 52. gxh5+ Kxh5 53. Kxf6 Kg4 54. Ke5 Kf3 55. Kd4 Ke2 56. Rc2+ Kf3 57. Ra2 Be1 58. Kc4 Ke3 59. Kb5 Kd3 60. Rxa5 Kc2 61. b4 1-0

[Event "Wch Seniors 50 29th"]
[Site "Bucharest"]
[Date "2019.11.21"]
[Round "9"]
[White "Sturua, Zurab"]
[Black "Bagaturov, Giorgi"]
[Result "1-0"]
[WhiteElo "2540"]
[BlackElo "2423"]
[PlyCount "59"]
[EventDate "2019.11.12"]
[EventType "swiss"]
[EventRounds "11"]
[EventCountry "ROU"]
[SourceTitle "CBM 193 Extra"]
[Source "ChessBase"]
[SourceDate "2020.01.31"]
[SourceVersion "1"]
[SourceVersionDate "2020.01.31"]
[SourceQuality "1"]

1. d4 Nf6 2. c4 g6 3. g3 Bg7 4. Bg2 0-0 5. Nc3 Nc6 6. e4 e5 7. dxe5 Nxe5 8. b3 d6 9. h3 Ned7 10. Nge2 Nc5 11. Be3 Re8 12. f3 Nh5 13. Qd2 f5 14. g4 Nf6 15. exf5 gxf5 16. 0-0 Qe7 17. Bd4 Qf7 18. Rad1 Ne6 19. Be3 Bd7 20. Ng3 Nf8 21. Bd4 Kh8 22. g5 Nh5 23. Nxh5 Qxh5 24. Bxg7+ Kxg7 25. Nd5 Ne6 26. Qb2+ Kf7 27. Qf6+ Kg8 28. f4 Qf7 29. Qxf7+ Kxf7 30. Nf6 1-0

[Event "Wch Seniors 50 29th"]
[Site "Bucharest"]
[Date "2019.11.14"]
[Round "3"]
[White "Georgiev, Kiril"]
[Black "Bagaturov, Giorgi"]
[Result "1-0"]
[WhiteElo "2582"]
[BlackElo "2423"]
[PlyCount "73"]
[EventDate "2019.11.12"]
[EventType "swiss"]
[EventRounds "11"]
[EventCountry "ROU"]
[SourceTitle "CBM 193 Extra"]
[Source "ChessBase"]
[SourceDate "2020.01.31"]
[SourceVersion "1"]
[SourceVersionDate "2020.01.31"]
[SourceQuality "1"]

1. d4 Nf6 2. c4 g6 3. Nf3 Bg7 4. g3 0-0 5. Bg2 d6 6. Nc3 Nc6 7. 0-0 e5 8. dxe5 dxe5 9. Bg5 Be6 10. Qa4 Qc8 11. Rad1 Nd7 12. Nd5 Re8 13. Qc2 h6 14. Be3 Ne7 15. b3 Nf5 16. Bc1 c6 17. e4 cxd5 18. exd5 e4 19. dxe6 Rxe6 20. Ne1 e3 21. fxe3 Nxe3 22. Bxe3 Rxe3 23. Bd5 Re7 24. Qxg6 Qc5+ 25. Rf2 Kh8 26. Qd3 Rae8 27. Kf1 Nf6 28. Bf3 Re3 29. Qd2 Rxf3 30. Nxf3 Ng4 31. Re1 Rxe1+ 32. Qxe1 Nxf2 33. Qxf2 Qf5 34. Kg2 a6 35. Nh4 Qe4+ 36. Qf3 Qc2+ 37. Kh3 1-0

[Event "Tbilisi Gaprindashvili Cup"]
[Site "Tbilisi"]
[Date "2019.09.25"]
[Round "5"]
[White "Bagaturov, Giorgi"]
[Black "Patsia, Zviad"]
[Result "1/2-1/2"]
[WhiteElo "2428"]
[BlackElo "2107"]
[PlyCount "79"]
[EventDate "2019.09.21"]
[EventType "swiss"]
[EventRounds "9"]
[EventCountry "GEO"]
[SourceTitle "EXT 2020"]
[Source "ChessBase"]
[SourceDate "2019.10.17"]
[SourceVersion "1"]
[SourceVersionDate "2019.10.17"]
[SourceQuality "1"]

1. Nf3 d5 2. c4 c6 3. d4 Nf6 4. Nc3 a6 5. e3 b5 6. b3 Bg4 7. Be2 e6 8. 0-0 Nbd7 9. h3 Bh5 10. Bb2 Bd6 11. Ne5 Bxe2 12. Nxe2 Rc8 13. c5 Bb8 14. b4 g5 15. f3 h5 16. Ng3 Rg8 17. Qe2 g4 18. hxg4 hxg4 19. f4 Ne4 20. Nxe4 dxe4 21. g3 Nf6 22. Qh2 Qd5 23. f5 Ke7 24. fxe6 Rh8 25. Qf2 Rh6 26. Nxg4 Bxg3 27. Qxg3 Rg8 28. exf7 Rxg4 29. Qxg4 Qxf7 30. d5 Nxg4 31. Rxf7+ Kxf7 32. Rf1+ Ke8 33. dxc6 Nxe3 34. Re1 Nc4 35. Rxe4+ Kd8 36. Bc1 Rg6+ 37. Kf2 Kc7 38. Bf4+ Kxc6 39. Kf3 a5 40. bxa5 1/2-1/2

[Event "Tbilisi Gaprindashvili Cup"]
[Site "Tbilisi"]
[Date "2019.09.21"]
[Round "1"]
[White "Bagaturov, Giorgi"]
[Black "Zhukenov, Aituar"]
[Result "1-0"]
[WhiteElo "2428"]
[BlackElo "2196"]
[PlyCount "55"]
[EventDate "2019.09.21"]
[EventType "swiss"]
[EventRounds "9"]
[EventCountry "GEO"]
[SourceTitle "EXT 2020"]
[Source "ChessBase"]
[SourceDate "2019.10.17"]
[SourceVersion "1"]
[SourceVersionDate "2019.10.17"]
[SourceQuality "1"]

1. d4 Nf6 2. Nf3 c5 3. d5 e6 4. c4 exd5 5. cxd5 d6 6. Nc3 g6 7. e4 Bg7 8. Be2 0-0 9. 0-0 Bg4 10. Bf4 Re8 11. Nd2 Bxe2 12. Qxe2 Nh5 13. Be3 a6 14. a4 Nd7 15. a5 Nhf6 16. Bf4 Ne5 17. h3 Nfd7 18. Bh2 f5 19. Rfe1 b5 20. axb6 Qxb6 21. Ra2 Bh6 22. f4 c4+ 23. Kh1 Nd3 24. Rf1 fxe4 25. Nxc4 Qb4 26. Ra4 Qb8 27. f5 Nc1 28. Qg4 1-0

[Event "Mentese"]
[Site "Mentese"]
[Date "2019.06.24"]
[Round "1.2"]
[White "Ozen, Deniz"]
[Black "Bagaturov, Giorgi"]
[Result "1-0"]
[WhiteElo "2405"]
[BlackElo "2422"]
[PlyCount "94"]
[EventDate "2019.06.24"]
[EventType "schev"]
[EventRounds "10"]
[EventCountry "TUR"]
[SourceTitle "CBM 191 Extra"]
[Source "ChessBase"]
[SourceDate "2019.09.30"]
[SourceVersion "1"]
[SourceVersionDate "2019.09.30"]
[SourceQuality "1"]
[WhiteTeam "Blue Team"]
[BlackTeam "Red Team"]
[WhiteTeamCountry "TUR"]
[BlackTeamCountry "TUR"]

1. e4 c5 2. Nf3 e6 3. c3 Nf6 4. Bd3 Nc6 5. Bc2 Qc7 6. 0-0 d5 7. exd5 Nxd5 8. d4 cxd4 9. cxd4 Be7 10. Nc3 0-0 11. Nxd5 exd5 12. h3 Be6 13. Bg5 Rfe8 14. Bxe7 Nxe7 15. Re1 Qf4 16. Qc1 Qf6 17. Qg5 Qxg5 18. Nxg5 Nf5 19. Nxe6 fxe6 20. Bxf5 exf5 21. Rac1 Rxe1+ 22. Rxe1 Rc8 23. Re7 Rc1+ 24. Kh2 Rc2 25. Rxb7 Rxf2 26. a4 a5 27. Rb5 f4 28. Kg1 Rd2 29. Rxd5 Rxb2 30. Rxa5 Rd2 31. Rd5 Ra2 32. a5 Kf7 33. Rd7+ Kf6 34. Rd6+ Ke7 35. Rd5 Ra4 36. Kf2 Ke6 37. Re5+ Kf6 38. Kf3 Rxd4 39. Rb5 Ra4 40. h4 Ra2 41. Kxf4 Rxg2 42. Rb6+ Kf7 43. a6 Rh2 44. Kg3 Ra2 45. Rb7+ Kg6 46. a7 Kh6 47. Kf4 Kh5 1-0